Práva pôvodných obyvateľov v kontexte medzinárodného práva a vybraných národných právnych poriadkov diplomová práca

Salvato in:
Dettagli Bibliografici
Autore principale: Bui Thu, Ha
Ente Autore: Fakulta medzinárodných vzťahov EU. Katedra medzinárodného práva
Altri autori: Harakaľová, Dorota, 1989-
Natura: Libro
Lingua:slovacco
Pubblicazione: Bratislava 2018
Tags: Aggiungi Tag
Nessun Tag, puoi essere il primo ad aggiungerne!!

MARC

LEADER 00000nbm a2200000 4500
001 0244481
005 20180802101432.7
041 0 |a slo 
044 |a SK 
245 1 0 |a Práva pôvodných obyvateľov v kontexte medzinárodného práva a vybraných národných právnych poriadkov  |b diplomová práca  |c Ha Bui Thu ; školiteľ: Dorota Harakaľová 
264 1 |a Bratislava  |c 2018 
300 |a 74 s. 
100 1 |a Bui Thu, Ha 
700 1 |a Harakaľová, Dorota, 1989- 
710 2 |a Fakulta medzinárodných vzťahov EU. Katedra medzinárodného práva